[Event "Goch op 23rd"]
[Site "Goch"]
[Date "2012.09.02"]
[Round "7"]
[White "Kampen, Bert"]
[Black "Backes, Juergen"]
[Result "1-0"]
[WhiteElo "1907"]
[BlackElo "1716"]
[PlyCount "61"]
[EventDate "2012.08.30"]
[EventType "swiss"]
[EventRounds "7"]
[EventCountry "GER"]
[SourceTitle "EXT 2015"]
[Source "ChessBase"]
[SourceDate "2014.11.20"]
[SourceVersion "1"]
[SourceVersionDate "2014.11.20"]
[SourceQuality "1"]

1. d4 Nf6 2. c4 g6 3. Nc3 Bg7 4. e4 d6 5. Be2 0-0 6. Bg5 h6 7. Be3 b6 8. Qd2 Kh7 9. 0-0-0 Nbd7 10. g4 c5 11. d5 Ne5 12. h3 Ba6 13. b3 g5 14. f3 Ng6 15. Bd3 Ne5 16. h4 gxh4 17. Bc2 Bxc4 18. bxc4 Nxc4 19. Qe2 Nxe3 20. Qxe3 Kh8 21. Rxh4 e5 22. dxe6 Nxe4 23. Rxh6+ Kg8 24. Nxe4 Bxh6 25. Qxh6 fxe6 26. Qg6+ Kh8 27. Ng5 Qe7 28. Ne2 Qg7 29. Qh5+ Kg8 30. Bh7+ Kh8 31. Bf5+ 1-0

[Event "Bussum op 28th"]
[Site "Bussum"]
[Date "2011.06.11"]
[Round "2"]
[White "Arp, Frans"]
[Black "Kampen, Bert"]
[Result "0-1"]
[WhiteElo "2101"]
[BlackElo "1892"]
[PlyCount "72"]
[EventDate "2011.06.10"]
[EventType "swiss"]
[EventRounds "7"]
[EventCountry "NED"]
[SourceTitle "CBM 142 Extra"]
[Source "ChessBase"]
[SourceDate "2011.06.27"]
[SourceVersion "1"]
[SourceVersionDate "2011.06.27"]
[SourceQuality "1"]

1. e4 c6 2. d4 d5 3. Nc3 dxe4 4. Nxe4 Bf5 5. Ng3 Bg6 6. h4 h6 7. h5 Bh7 8. Nf3 Nd7 9. Bd3 Bxd3 10. Qxd3 e6 11. Bf4 Qa5+ 12. Bd2 Bb4 13. c3 Be7 14. c4 Qc7 15. 0-0-0 Ngf6 16. Ne4 Nxe4 17. Qxe4 Nf6 18. Qc2 b5 19. cxb5 Rc8 20. Qxc6+ Qd7 21. Ne5 Rxc6+ 22. Nxc6 0-0 23. Rh3 Nd5 24. Rg3 Bh4 25. Rg4 Bxf2 26. Kb1 Be3 27. Rg3 Bxd2 28. Rxd2 a6 29. a4 axb5 30. axb5 Nf6 31. Ra3 Qb7 32. Ra5 Ra8 33. Rxa8+ Qxa8 34. Rc2 Qb7 35. Rc5 Ne4 36. Re5 Nd6 0-1

[Event "Goch op 20th"]
[Site "Goch"]
[Date "2009.10.02"]
[Round "3"]
[White "Rettenbacher, Stefan"]
[Black "Kampen, Bert"]
[Result "1-0"]
[WhiteElo "2110"]
[BlackElo "1849"]
[PlyCount "67"]
[EventDate "2009.10.01"]
[EventType "swiss"]
[EventRounds "7"]
[EventCountry "GER"]
[SourceTitle "EXT 2011"]
[Source "ChessBase"]
[SourceDate "2010.11.26"]
[SourceVersion "1"]
[SourceVersionDate "2010.11.26"]
[SourceQuality "1"]

1. d4 Nf6 2. Nf3 c5 3. e3 g6 4. c4 Bg7 5. Nc3 0-0 6. Be2 cxd4 7. Nxd4 Nc6 8. Nc2 d6 9. e4 Bd7 10. 0-0 h5 11. Rb1 Ng4 12. h3 Nh6 13. Be3 Kh7 14. Qd2 f5 15. Rbd1 fxe4 16. Nxe4 Nf5 17. Bg5 Ne5 18. Bf4 Qc8 19. b3 Nh4 20. Ne1 Bc6 21. Ng5+ Kh8 22. Be3 Bxg2 23. Nxg2 Nhf3+ 24. Bxf3 Rxf3 25. Qd5 Rxh3 26. Nf7+ Nxf7 27. Qxf7 Qg4 28. f3 Qf5 29. Qxf5 gxf5 30. Kf2 Bf6 31. Rh1 Rxh1 32. Rxh1 a6 33. Rxh5+ Kg7 34. Rxf5 1-0